Pokkén Pokémon - Statistics

General Stats
  • This quiz has been taken 62 times
  • The average score is 11 of 16
Answer Stats
Answer % Correct
Charizard
89%
Pikachu
89%
Mewtwo
85%
Lucario
80%
Blaziken
76%
Machamp
74%
Gengar
70%
Sceptile
70%
Chandelure
63%
Garchomp
57%
Shadow Mewtwo
57%
Suicune
57%
Braixen
54%
Gardevoir
54%
Pikachu Libre
52%
Weavile
48%
No matching quizzes found
Score Distribution
Percent of People with Each Score
Percentile by Number Answered
Your Score History
You have not taken this quiz